[Event "Mittelrhein Verbandsliga Sued 1920"]
[Site "Mittelrhein"]
[Date "2019.10.27"]
[Round "2.4"]
[White "Rieber, Ingo"]
[Black "Weiler, Wolfgang"]
[Result "0-1"]
[WhiteElo "1823"]
[BlackElo "1969"]
[PlyCount "106"]
[EventDate "2019.09.29"]
[EventType "team-tourn"]
[EventRounds "9"]
[EventCountry "GER"]
[SourceTitle "EXT 2023"]
[Source "ChessBase"]
[SourceDate "2022.10.05"]
[SourceVersion "1"]
[SourceVersionDate "2022.10.05"]
[SourceQuality "1"]
[WhiteTeam "Bruehl III"]
[BlackTeam "Lohmar"]
[WhiteTeamCountry "GER"]
[BlackTeamCountry "GER"]

1. e4 e5 2. Nf3 Nf6 3. Nc3 Nc6 4. Nxe5 Nxe5 5. d4 Ng6 6. e5 Ng8 7. Bc4 d5 8. Bxd5 c6 9. Bb3 Bb4 10. 0-0 Bxc3 11. bxc3 Be6 12. c4 N8e7 13. Ba3 a5 14. Bxe7 Nxe7 15. a4 0-0 16. Rb1 f6 17. Re1 fxe5 18. Rxe5 Bf7 19. d5 Qd6 20. Re2 c5 21. Qd2 b6 22. Rbe1 Rae8 23. c3 Nc8 24. Bc2 Qf6 25. f3 Nd6 26. Bd3 Rxe2 27. Rxe2 Re8 28. Rxe8+ Bxe8 29. Qe2 Bxa4 30. Qb2 Qf4 31. Qe2 Qf6 32. Qb2 Qe7 33. Kf2 b5 34. cxb5 c4 35. Bb1 Bxb5 36. Qd2 a4 37. Qd4 a3 38. Ba2 Nb7 39. Kf1 Qd6 40. g3 Nc5 41. Kg2 Nb3 42. Qa7 Nc1 43. Qa8+ Qf8 44. Qa5 Nxa2 45. Qxb5 Nxc3 46. Qxc4 Nxd5 47. Qxd5+ Kh8 48. h4 Qg8 49. Qe5 Qa8 50. h5 a2 51. Qa1 h6 52. g4 Kh7 53. Kf2 Qa4 0-1

[Event "Mittelrhein Verbandsliga-S 18/19"]
[Site "Nordrheinwestfalen"]
[Date "2018.09.30"]
[Round "2.7"]
[White "Rieber, Ingo"]
[Black "Hennig, Edgar Paul"]
[Result "0-1"]
[WhiteElo "1815"]
[BlackElo "1874"]
[PlyCount "102"]
[EventDate "2018.09.02"]
[EventType "team-tourn"]
[EventRounds "11"]
[EventCountry "GER"]
[SourceTitle "EXT 2022"]
[Source "ChessBase"]
[SourceDate "2021.10.06"]
[SourceVersion "1"]
[SourceVersionDate "2021.10.06"]
[SourceQuality "1"]
[WhiteTeam "Bruehl II"]
[BlackTeam "Satranc Club"]
[WhiteTeamCountry "GER"]
[BlackTeamCountry "GER"]

1. e4 c6 2. d4 d5 3. Nc3 dxe4 4. Nxe4 Nf6 5. Ng3 g6 6. Nf3 Bg7 7. Bd3 Bg4 8. c3 Qc7 9. h3 Bc8 10. 0-0 0-0 11. Re1 c5 12. dxc5 Qxc5 13. Be3 Qc7 14. Qe2 Nc6 15. Bc5 b6 16. Ba3 Re8 17. Ne4 Bb7 18. Neg5 e6 19. Bb5 h6 20. Ne4 Nxe4 21. Qxe4 Nd4 22. Qd3 Nxf3+ 23. gxf3 Red8 24. Qe3 Rd5 25. Be2 Re5 26. Qc1 Rf5 27. Qe3 Qd8 28. Rad1 Qh4 29. Bd6 Qxh3 30. Bf1 Qh5 31. Bg2 Bxf3 32. Bxf3 Qxf3 33. Qxf3 Rxf3 34. Be7 Rf5 35. Rd7 Rd5 36. Rxd5 exd5 37. Rd1 Re8 38. Bd6 Rd8 39. Bc7 Rd7 40. Bb8 Kf8 41. a4 a6 42. Kg2 Ke8 43. Kf3 Kd8 44. Bf4 Kc8 45. Be3 Kb7 46. Rh1 h5 47. Rd1 Kc6 48. Ke2 Re7 49. Kd3 Re4 50. b3 Rg4 51. Rh1 f5 0-1

[Event "Mittelrhein Regionalliga 1415"]
[Site "Mittelrhein"]
[Date "2015.02.22"]
[Round "7.8"]
[White "Rieber, Ingo"]
[Black "Woeltge, Carsten"]
[Result "0-1"]
[WhiteElo "1858"]
[BlackElo "1882"]
[PlyCount "86"]
[EventDate "2014.09.28"]
[EventType "team-tourn"]
[EventRounds "9"]
[EventCountry "GER"]
[SourceTitle "EXT 2023"]
[Source "ChessBase"]
[SourceDate "2022.10.05"]
[SourceVersion "1"]
[SourceVersionDate "2022.10.05"]
[SourceQuality "1"]
[WhiteTeam "Bruehl"]
[BlackTeam "Bonn Beuel"]
[WhiteTeamCountry "GER"]
[BlackTeamCountry "GER"]

1. e4 e6 2. d4 d5 3. Nc3 Nf6 4. Bg5 Bb4 5. e5 h6 6. Bd2 Bxc3 7. bxc3 Ne4 8. Bd3 Nxd2 9. Qxd2 c5 10. f4 Nc6 11. Nf3 Qa5 12. dxc5 Qxc5 13. Nd4 a6 14. Nb3 Qb6 15. a4 Na5 16. Nxa5 Qxa5 17. c4 Qc5 18. cxd5 Qxd5 19. Qb4 Qd8 20. 0-0-0 Qe7 21. Qxe7+ Kxe7 22. Be4 Rb8 23. Rd6 Rd8 24. Rhd1 Rxd6 25. exd6+ Kd8 26. c4 Bd7 27. a5 Rc8 28. Rd4 Bc6 29. Bh7 Bd5 30. Kd2 Rxc4 31. Rxc4 Bxc4 32. Bg8 f6 33. Kc3 Bd5 34. Kd4 Kd7 35. Kc5 Bxg2 36. Bh7 g5 37. f5 e5 38. Bg8 h5 39. Be6+ Kd8 40. Bf7 Bf3 41. Be6 g4 42. Bf7 h4 43. Bh5 e4 0-1

[Event "Mittelrhein Regionalliga 1314"]
[Site "Mittelrhein"]
[Date "2013.10.13"]
[Round "2.8"]
[White "Beume, Torsten"]
[Black "Rieber, Ingo"]
[Result "1/2-1/2"]
[WhiteElo "1846"]
[BlackElo "1852"]
[PlyCount "83"]
[EventDate "2013.09.15"]
[EventType "team-tourn"]
[EventRounds "11"]
[EventCountry "GER"]
[SourceTitle "EXT 2023"]
[Source "ChessBase"]
[SourceDate "2022.10.05"]
[SourceVersion "1"]
[SourceVersionDate "2022.10.05"]
[SourceQuality "1"]
[WhiteTeam "Gruenfeld"]
[BlackTeam "Bruehl"]
[WhiteTeamCountry "GER"]
[BlackTeamCountry "GER"]

1. d4 Nf6 2. Nf3 g6 3. c4 Bg7 4. Nc3 d6 5. Bg5 0-0 6. e3 Nbd7 7. Be2 e5 8. 0-0 h6 9. dxe5 dxe5 10. Bxf6 Bxf6 11. Qc2 Bg7 12. Rfd1 f5 13. Rd2 c6 14. Rad1 Qe7 15. Rd6 e4 16. Ne1 Be5 17. R6d2 a5 18. a3 Nc5 19. Na4 Be6 20. Nxc5 Qxc5 21. g3 Qb6 22. Ng2 g5 23. h4 Rad8 24. hxg5 Rxd2 25. Rxd2 hxg5 26. Qd1 f4 27. gxf4 gxf4 28. exf4 Bxf4 29. Nxf4 Rxf4 30. Rd8+ Kg7 31. Qd4+ Qxd4 32. Rxd4 Kf6 33. Rd8 Ke5 34. Rb8 Rf7 35. Ra8 Kd4 36. Rxa5 Rg7+ 37. Kf1 Bh3+ 38. Ke1 Rg1+ 39. Kd2 Rb1 40. Kc2 Re1 41. Kd2 Rb1 42. Kc2 1/2-1/2

[Event "Verbandsliga Mittelrhein-Ost 1213"]
[Site "Germany"]
[Date "2012.09.30"]
[Round "2.2"]
[White "Rieber, Ingo"]
[Black "Christensen, Niels"]
[Result "0-1"]
[WhiteElo "1826"]
[BlackElo "2153"]
[PlyCount "68"]
[EventDate "2012.09.09"]
[EventType "team"]
[EventRounds "11"]
[EventCountry "GER"]
[SourceTitle "EXT 2015"]
[Source "ChessBase"]
[SourceDate "2014.11.20"]
[SourceVersion "1"]
[SourceVersionDate "2014.11.20"]
[SourceQuality "1"]
[WhiteTeam "Bruehl II"]
[BlackTeam "Bonn Beuel"]
[WhiteTeamCountry "GER"]
[BlackTeamCountry "GER"]

1. e4 c5 2. Nf3 d6 3. d4 cxd4 4. Nxd4 Nf6 5. Nc3 a6 6. Bg5 Nbd7 7. Qd2 h6 8. Bh4 b5 9. 0-0-0 Bb7 10. f3 g6 11. Bd3 Bg7 12. Bf2 Rc8 13. Kb1 Ne5 14. Rhe1 0-0 15. g4 Nc4 16. Bxc4 Rxc4 17. h4 Nd7 18. h5 Ne5 19. Nce2 g5 20. b3 Rc8 21. Ng1 e6 22. Be3 Qc7 23. Qc1 d5 24. exd5 Bxd5 25. f4 Nxg4 26. fxg5 Nxe3 27. Rxe3 hxg5 28. h6 Bxh6 29. Rh3 Bg7 30. Qxg5 Be4 31. Rg3 Bxc2+ 32. Ka1 Bg6 33. Nge2 Rfd8 34. Rc1 Bxd4+ 0-1

[Event "Mittelrhein-chT 1112"]
[Site "Germany"]
[Date "2012.03.18"]
[Round "10.2"]
[White "Rieber, Ingo"]
[Black "Serbu, Eli"]
[Result "1/2-1/2"]
[WhiteElo "1846"]
[BlackElo "2118"]
[PlyCount "68"]
[EventDate "2011.09.11"]
[EventType "team-tourn"]
[EventRounds "13"]
[EventCountry "GER"]
[SourceTitle "EXT 2013"]
[Source "ChessBase"]
[SourceDate "2012.11.22"]
[SourceVersion "1"]
[SourceVersionDate "2012.11.22"]
[SourceQuality "1"]
[WhiteTeam "Bruehl II"]
[BlackTeam "Aachen Hoern"]
[WhiteTeamCountry "GER"]
[BlackTeamCountry "GER"]

1. e4 c5 2. Nf3 Nc6 3. d4 cxd4 4. Nxd4 Qc7 5. Be3 Nf6 6. Bd3 e6 7. 0-0 h5 8. h3 a6 9. c4 d6 10. Nc3 b6 11. f4 Bb7 12. a3 Rc8 13. Rc1 Qb8 14. Nxe6 fxe6 15. e5 Nd7 16. Bg6+ Kd8 17. f5 Ncxe5 18. fxe6 Nxg6 19. exd7 Kxd7 20. Qd3 Ne7 21. Rf7 Ke8 22. Rcf1 Qc7 23. R1f4 Qc6 24. Rxe7+ Bxe7 25. Qg6+ Kd7 26. Nd5 Rcf8 27. Re4 Qxd5 28. cxd5 Bxd5 29. Rd4 Bc6 30. Qd3 Bb5 31. Qd2 Rf1+ 32. Kh2 Rhf8 33. Bf4 Rf6 34. Bg3 Re6 1/2-1/2

[Event "Mittelrhein-chT 1112"]
[Site "Germany"]
[Date "2011.10.02"]
[Round "2.2"]
[White "Schmidt, Martin"]
[Black "Rieber, Ingo"]
[Result "1-0"]
[WhiteElo "2242"]
[BlackElo "1846"]
[PlyCount "43"]
[EventDate "2011.09.11"]
[EventType "team-tourn"]
[EventRounds "13"]
[EventCountry "GER"]
[SourceTitle "EXT 2013"]
[Source "ChessBase"]
[SourceDate "2012.11.22"]
[SourceVersion "1"]
[SourceVersionDate "2012.11.22"]
[SourceQuality "1"]
[WhiteTeam "Gruenfeld"]
[BlackTeam "Bruehl II"]
[WhiteTeamCountry "GER"]
[BlackTeamCountry "GER"]

1. e4 c5 2. Nc3 Nc6 3. Nf3 d6 4. d4 cxd4 5. Nxd4 Nf6 6. Bc4 g6 7. Nxc6 bxc6 8. e5 Nd7 9. exd6 exd6 10. 0-0 Ne5 11. Qe2 Be7 12. Bh6 Bg4 13. f3 Qb6+ 14. Be3 Qxb2 15. Bd4 Be6 16. Bxe6 fxe6 17. Rab1 Qa3 18. f4 c5 19. Nb5 Qxa2 20. fxe5 cxd4 21. Nc7+ Kd7 22. Qb5+ 1-0